SHRI RAJA SHIVCHATRAPATI (Record no. 11736)

MARC details
000 -LEADER
fixed length control field 00365nam a2200145Ia 4500
008 - FIXED-LENGTH DATA ELEMENTS--GENERAL INFORMATION
fixed length control field 240624s9999 xx 000 0 und d
041 ## - LANGUAGE CODE
Language code of text/sound track or separate title eng
082 ## - DEWEY DECIMAL CLASSIFICATION NUMBER
Classification number 891.46 MEH
100 ## - MAIN ENTRY--PERSONAL NAME
Personal name MEHENDALE GAJANAN BHASKAR
245 ## - TITLE STATEMENT
Title SHRI RAJA SHIVCHATRAPATI
260 ## - PUBLICATION, DISTRIBUTION, ETC.
Date of publication, distribution, etc. 2008
Place of publication, distribution, etc. Pune
Name of publisher, distributor, etc. Diamond Publications
300 ## - PHYSICAL DESCRIPTION
Extent 1080 : p. : cm. ; 24
365 ## - TRADE PRICE
Currency code RS
Price amount 20
440 ## - SERIES STATEMENT/ADDED ENTRY--TITLE
Volume/sequential designation 2
Holdings
Withdrawn status Lost status Damaged status Not for loan Home library Current library Shelving location Date acquired Source of acquisition Cost, normal purchase price Total Checkouts Total Holds Full call number Barcode Date last seen Copy number Price effective from Koha item type
        IMTN IMTN Rack 43-A 11/18/2008 WBD 3000.00   547 891.46 MEH 11736 06/24/2024 1 06/24/2024 Books
Designed & Maintained by: LRC IMT Nagpur Contact: lrc@imtnag.ac.in© 2024. All Rights Reserved.